Statistics for Hard anime quiz

Click here to take the quiz!

General Stats

  • This quiz has been taken 43 times
  • The average score is 3 of 7

Answer Stats

noAnswer% Correct
1)Naruto
98%
5)Dragon ball Z
63%
6)Attack on titan
61%
4)Death note
61%
2)Naruto shippuden
17%
3)Boruto: Naruto next generations
5%
7)Beyblade
2%

Score Distribution

Percentile by Number Answered

Percent of People with Each Score

Your Score History

You have not taken this quiz